Estatísticas para Perfect

Clique aqui para jogar o quiz

Estatísticas Gerais

  • Esse quiz foi jogado 4 vezes
  • A pontuação média é 3 de 35

Estatísticas das Respostas

HintResposta% Correto
I found a love for meEu encontrei o amor para mim
75%
I don't deserve thisEu não mereço isso
50%
I have faith in what I seeEu tenho fé no que vejo
50%
Well, I found a girl, beautiful and sweetBem, eu encontrei uma garota linda e doce
25%
And she looks perfectE ela parece perfeita
25%
I see my future in your eyesEu vejo meu futuro em seus olhos
25%
Darling, just hold my handQuerida, apenas segure minha mão
25%
Be my girl, I'll be your manSeja minha garota, eu serei seu homem
25%
Not knowing what it wasSem saber o que era
25%
Now I know I have met an angel in personAgora eu sei que conheci um anjo pessoalmente
0%
We are still kids, but we're so in loveAinda somos crianças, mas estamos tão apaixonados
0%
Baby, I'm dancing in the dark, with you between my armsBaby, estou dançando no escuro, com você entre meus braços
0%
Well I found a woman, stronger than anyone I knowBem, eu encontrei uma mulher, mais forte do que qualquer um que eu conheço
0%
underneath my breathdebaixo da minha respiração
0%
Barefoot on the grass, listening to our favourite songDescalço na relva, ouvindo nossa música favorita
0%
Barefoot on the grass, listening to our favorite songDescalço na relva, ouvindo nossa música favorita
0%
Barefoot on the grass, listening to our favorite songDescalço na relva, ouvindo nossa música favorita
0%
And in your eyes, you're holding mineE em seus olhos, você está segurando os meus
0%
She shares my dreams, I hope that someday I'll share her homeEla compartilha meus sonhos, espero que um dia eu compartilhe sua casa
0%
I found a love, to carry more than just my secretsEu encontrei um amor, para carregar mais do que apenas meus segredos
0%
I don't deserve this, darling, you look perfect tonightEu não mereço isso, querida, você está perfeita esta noite
0%
I will not give you up this timeEu não vou desistir de você desta vez
0%
I know we'll be alright this timeEu sei que ficaremos bem desta vez
0%
Fighting against all oddsLutando contra todas as probabilidades
0%
But darling, just kiss me slow, your heart is all I ownMas querida, apenas me beije devagar, seu coração é tudo que eu possuo
0%
But you heard it, darling, you look perfect tonightMas você ouviu, querida, você está perfeita esta noite
0%
Oh, I never knew you were the someone waiting for meOh, eu nunca soube que você era a pessoa que esperava por mim
0%
Oh darling, just dive right in and follow my leadOh querida, apenas mergulhe e siga minha liderança
0%
To carry love, to carry children of our ownPara carregar amor, para carregar nossos próprios filhos
0%
'Cause we were just kids when we fell in lovePorque eramos apenas crianças quando nos apaixonamos
0%
When I saw you in that dress, looking so beautifulQuando te vi naquele vestido, tão linda
0%
When you said you looked a mess, I whisperedQuando você disse que parecia uma bagunça, eu sussurrei
0%
Baby, I'm dancing in the dark, with you between my armsQuerida, estou dançando no escuro com você entre meus braços
0%
Baby, I'm dancing in the dark with you between my armsQuerida, estou dançando no escuro com você entre meus braços
0%
You look perfect tonightVocê está perfeita esta noite
0%

Distribuição das Pontuações

Percentil de Números Respondidos

Porcentagem de Pessoas com Cada Pontuação

Sua Pontuação Histórica

Você não jogou esse quiz